| 000 | 01416cam a22003131i 4500 | ||
|---|---|---|---|
| 003 | SA-RiAUC | ||
| 005 | 20250624101800.0 | ||
| 008 | 250623s1990 iq g b f00000 ara c | ||
| 040 |
_aSA-RiAUC _bara _cSA-RiAUC _erda |
||
| 043 | _aa-ir--- | ||
| 082 | 0 | 4 |
_a953.0769 _qSA-RiAUC |
| 090 |
_a953.0769 _bع ر ي |
||
| 100 | 1 |
_aالغريري، صبري أحمد لافي _eمؤلف. |
|
| 245 | 1 | 2 |
_aالحركة الفكرية العربية في أصفهان في القرون الستة الأولى من تاريخ الإسلام / _cتأليف صبري أحمد لافي الغريري. |
| 250 | _aالطبعة الأولى. | ||
| 264 | 1 |
_aبغداد : _bوزارة الأوقاف والشؤون الدينية، _c1990 |
|
| 300 |
_a576 صفحة ؛ _c24 سم. |
||
| 336 |
_aنص _btxt _2rdacontent _3كتاب |
||
| 337 |
_aبدون وسيط _bn _2rdamedia |
||
| 338 |
_aمجلد _bnc _2rdacarrier |
||
| 490 | 1 | _aسلسلة إحياء التراث الإسلامي | |
| 504 | _aببليوجرافية : صفحة 559-571. | ||
| 650 | 7 |
_aالثقافة العربية _zإيران _zأصفهان _2aucsh |
|
| 651 | 7 |
_aأصفهان (إيران) _xحياة فكرية _xتاريخ إسلامي _2aucsh |
|
| 651 | 7 |
_aإيران _xتاريخ إسلامي _2aucsh |
|
| 830 | 0 | _aإحياء التراث الإسلامي (بغداد، العراق) | |
| 942 |
_2ddc _cBOOK _n0 |
||
| 949 |
_aSA-JeALM _d250623 _umohamedma123 _n1 |
||
| 999 |
_c9123 _d9123 |
||